[Event "Wch U16 Girls"]
[Site "Montesilvano"]
[Date "2023.11.13"]
[Round "1"]
[White "Kanishka, S."]
[Black "Kaldarova, Ayaulym"]
[Result "0-1"]
[WhiteElo "1656"]
[BlackElo "2005"]
[PlyCount "74"]
[EventDate "2023.11.13"]
[EventType "swiss"]
[EventRounds "11"]
[EventCountry "ITA"]
[SourceTitle "CB48_2023"]
[SourceDate "2023.11.29"]
[SourceVersion "1"]
[SourceVersionDate "2023.11.29"]
[SourceQuality "1"]

1. c4 b6 2. Nc3 Bb7 3. e4 e5 4. Nge2 Nf6 5. d3 Bc5 6. Ng3 Nc6 7. Be2 Nd4 8. 0-0 0-0 9. Kh1 Ne6 10. Be3 Re8 11. Qd2 c6 12. Bxc5 bxc5 13. Nf5 d6 14. g3 d5 15. Rad1 Nd4 16. Nh4 Qe7 17. Rde1 Rad8 18. Qc1 Bc8 19. f4 Bh3 20. Rf2 dxe4 21. dxe4 exf4 22. Rxf4 g5 23. Rf2 Nxe4 24. Nxe4 Qxe4+ 25. Ng2 h6 26. Kg1 Bxg2 27. Rxg2 Nf3+ 28. Bxf3 Qxe1+ 29. Qxe1 Rxe1+ 30. Kf2 Rb1 31. Bxc6 Rxb2+ 32. Ke3 Rxg2 33. Bxg2 Rd4 34. Bd5 Kg7 35. h3 f5 36. Be6 Kf6 37. Bd5 Ke5 0-1

[Event "IND-ch U19 Girls"]
[Site "Ahmedabad"]
[Date "2023.09.26"]
[Round "9"]
[White "Rebecca, Jesumarian"]
[Black "Kanishka, S."]
[Result "0-1"]
[WhiteElo "1811"]
[BlackElo "1716"]
[PlyCount "58"]
[EventDate "2023.09.20"]
[EventType "swiss"]
[EventRounds "11"]
[EventCountry "IND"]
[SourceTitle "EXT 2024"]
[Source "ChessBase"]
[SourceDate "2023.10.10"]
[SourceVersion "1"]
[SourceVersionDate "2023.10.10"]
[SourceQuality "1"]

1. d4 Nf6 2. c4 e6 3. Nc3 c5 4. d5 exd5 5. cxd5 d6 6. Nf3 g6 7. Bf4 Bg7 8. h3 0-0 9. e3 Na6 10. Bxa6 bxa6 11. Rc1 Rb8 12. b3 a5 13. 0-0 h6 14. Nd2 Ba6 15. Re1 Qe7 16. Nc4 Bxc4 17. bxc4 a6 18. a3 Nh5 19. Bh2 Rfd8 20. Qa4 Bxc3 21. Rxc3 Rb2 22. Qxa5 Rdb8 23. Rcc1 Nf6 24. e4 Nxe4 25. Rxe4 Qxe4 26. Bxd6 Rxf2 27. Kxf2 Rb2+ 28. Kf1 Qxg2+ 29. Ke1 Qe2# 0-1

[Event "IND-ch U19 Girls"]
[Site "Ahmedabad"]
[Date "2023.09.24"]
[Round "7"]
[White "Kheerthi, Ganta"]
[Black "Kanishka, S."]
[Result "1/2-1/2"]
[WhiteElo "2148"]
[BlackElo "1716"]
[PlyCount "78"]
[EventDate "2023.09.20"]
[EventType "swiss"]
[EventRounds "11"]
[EventCountry "IND"]
[SourceTitle "EXT 2024"]
[Source "ChessBase"]
[SourceDate "2023.10.10"]
[SourceVersion "1"]
[SourceVersionDate "2023.10.10"]
[SourceQuality "1"]

1. d4 Nf6 2. c4 e6 3. Nc3 c5 4. d5 exd5 5. cxd5 d6 6. Nf3 g6 7. Bf4 Bg7 8. h3 0-0 9. e3 a6 10. a4 Nh5 11. Bh2 f5 12. Be2 f4 13. e4 Nd7 14. 0-0 Qe7 15. Ra3 Bh6 16. Nd2 Nhf6 17. Nc4 Rb8 18. a5 Ne5 19. Nxe5 Qxe5 20. Qc2 Re8 21. Re1 b5 22. axb6 Rxb6 23. Bf1 g5 24. g4 Bg7 25. Rea1 Qd4 26. Bxa6 Bxa6 27. Rxa6 Rxa6 28. Rxa6 Nxe4 29. Nxe4 Rxe4 30. Rxd6 Be5 31. Rd8+ Kg7 32. Rd7+ Kf6 33. Kg2 c4 34. Qa4 f3+ 35. Kxf3 Rf4+ 36. Bxf4 Qxf4+ 37. Ke2 Qe4+ 38. Kf1 Qh1+ 39. Ke2 Qe4+ 1/2-1/2

[Event "IND-ch U19 Girls"]
[Site "Ahmedabad"]
[Date "2023.09.21"]
[Round "3"]
[White "Kanishka, S."]
[Black "Aadhya, Jain"]
[Result "1-0"]
[WhiteElo "1716"]
[BlackElo "1530"]
[PlyCount "85"]
[EventDate "2023.09.20"]
[EventType "swiss"]
[EventRounds "11"]
[EventCountry "IND"]
[SourceTitle "EXT 2024"]
[Source "ChessBase"]
[SourceDate "2023.10.10"]
[SourceVersion "1"]
[SourceVersionDate "2023.10.10"]
[SourceQuality "1"]

1. b3 e5 2. Bb2 f6 3. c4 c6 4. e3 Qc7 5. d4 exd4 6. Qxd4 Bb4+ 7. Bc3 Bxc3+ 8. Nxc3 Ne7 9. Nf3 d6 10. Rd1 Nf5 11. Qd2 Be6 12. e4 Nh6 13. Qxd6 Qxd6 14. Rxd6 Ke7 15. Rd2 Nd7 16. Be2 Rhd8 17. h3 Ne5 18. Nd4 g5 19. g3 Ng6 20. Na4 Bd7 21. Nc5 Rab8 22. Bg4 Nxg4 23. hxg4 Nf8 24. f3 Kf7 25. Ke2 Be8 26. Ke3 b6 27. Nce6 Nxe6 28. Rxh7+ Kg8 29. Nxe6 Kxh7 30. Rxd8 Rxd8 31. Nxd8 Bd7 32. Nf7 Kg7 33. Nd6 Kf8 34. Kd4 Ke7 35. c5 Be6 36. Nf5+ Bxf5 37. gxf5 b5 38. e5 a5 39. e6 Ke8 40. Ke3 Ke7 41. Kf2 Kf8 42. Kg2 Ke7 43. Kh3 1-0

[Event "IND-ch (Women) 49th"]
[Site "Ahmedabad"]
[Date "2023.07.08"]
[Round "9"]
[White "Varshini, Veileven"]
[Black "Kanishka, S."]
[Result "1-0"]
[WhiteElo "2246"]
[BlackElo "1723"]
[PlyCount "89"]
[EventDate "2023.06.30"]
[EventType "swiss"]
[EventRounds "11"]
[EventCountry "IND"]
[SourceTitle "CBM 215 Extra"]
[Source "ChessBase"]
[SourceDate "2023.09.30"]
[SourceVersion "1"]
[SourceVersionDate "2023.09.30"]
[SourceQuality "1"]

1. e4 c6 2. d4 d5 3. Nc3 dxe4 4. Nxe4 Nf6 5. Nxf6+ exf6 6. c3 Bd6 7. Bd3 0-0 8. Qc2 Re8+ 9. Ne2 h5 10. 0-0 h4 11. h3 Nd7 12. Be3 Nf8 13. Rad1 g6 14. Qc1 Be6 15. b3 Qd7 16. Bf4 Bd5 17. Bxd6 Qxd6 18. Qh6 Be4 19. Nc1 Qd5 20. Bxe4 Qxe4 21. Nd3 Qf5 22. Qxh4 Re2 23. Nc1 Rc2 24. c4 Ne6 25. Qg3 Rd8 26. Qe3 Nf4 27. Rfe1 Kg7 28. Ne2 Ne6 29. Rd2 Qa5 30. Rxc2 Qxe1+ 31. Kh2 Re8 32. Ng3 Qb4 33. d5 cxd5 34. cxd5 Nc7 35. Nh5+ gxh5 36. Qg3+ Kf8 37. Qxc7 Re5 38. d6 Qf4+ 39. g3 Qf3 40. d7 Re1 41. d8Q+ Kg7 42. Qxf7+ Kxf7 43. Rc7+ Kg6 44. Qg8+ Kf5 45. Qh7+ 1-0

[Event "IND-ch (Women) 48th"]
[Site "Hatkanangale"]
[Date "2023.01.05"]
[Round "11"]
[White "Kanishka, S."]
[Black "Bajaj, Shraddha"]
[Result "1/2-1/2"]
[WhiteElo "1760"]
[BlackElo "1406"]
[PlyCount "135"]
[EventDate "2022.12.26"]
[EventType "swiss"]
[EventRounds "11"]
[EventCountry "IND"]
[SourceTitle "CBM 212 Extra"]
[Source "ChessBase"]
[SourceDate "2023.03.31"]
[SourceVersion "1"]
[SourceVersionDate "2023.03.31"]
[SourceQuality "1"]

1. c4 e6 2. Nc3 d5 3. cxd5 exd5 4. d4 Nf6 5. Bg5 Be7 6. Qc2 Nbd7 7. e3 0-0 8. Bd3 b6 9. Nge2 Bb7 10. 0-0 Rc8 11. Nb5 a6 12. Na7 Ra8 13. Nc6 Bxc6 14. Qxc6 Re8 15. Bf4 Ra7 16. Rac1 Nb8 17. Qc2 Bd6 18. h3 h6 19. b4 Qe7 20. Bxd6 Qxd6 21. a3 Ne4 22. Bxe4 dxe4 23. Ng3 Qg6 24. Qc4 c6 25. Rfd1 Rd7 26. Rc2 Rd5 27. Ne2 Qh5 28. Rcd2 b5 29. Qc2 Rd6 30. Nf4 Qf5 31. Qc5 Qxc5 32. bxc5 Rdd8 33. d5 cxd5 34. Rxd5 Rxd5 35. Rxd5 Nc6 36. Rd6 Rc8 37. Nd5 Kf8 38. Nc3 b4 39. axb4 Nxb4 40. Na4 a5 41. Kf1 Ke7 42. Rd4 f5 43. g4 g6 44. gxf5 gxf5 45. f3 exf3 46. Kf2 Rd8 47. Rh4 Rh8 48. Kxf3 Kf6 49. Rd4 Re8 50. Nb6 Re6 51. Kf4 Nc6 52. Rd1 Re4+ 53. Kf3 Ne5+ 54. Ke2 Nc6 55. Rd6+ Re6 56. Nd5+ Ke5 57. Rxe6+ Kxe6 58. Nf4+ Ke5 59. Kd3 Nb4+ 60. Kc4 Ke4 61. Ng2 Nd3 62. Kb5 Nxc5 63. Kxc5 Kf3 64. Nh4+ Kxe3 65. Nxf5+ Kf4 66. Nxh6 Kg3 67. Kb5 Kxh3 68. Kxa5 1/2-1/2

[Event "IND-ch (Women) 48th"]
[Site "Hatkanangale"]
[Date "2022.12.28"]
[Round "3"]
[White "Kanishka, S."]
[Black "Patil, Disha"]
[Result "1/2-1/2"]
[WhiteElo "1760"]
[BlackElo "1447"]
[PlyCount "116"]
[EventDate "2022.12.26"]
[EventType "swiss"]
[EventRounds "11"]
[EventCountry "IND"]
[SourceTitle "CBM 212 Extra"]
[Source "ChessBase"]
[SourceDate "2023.03.31"]
[SourceVersion "1"]
[SourceVersionDate "2023.03.31"]
[SourceQuality "1"]

1. c4 Nf6 2. Nc3 e6 3. e4 d5 4. cxd5 exd5 5. e5 d4 6. exf6 dxc3 7. dxc3 Qxf6 8. Nf3 h6 9. Bd3 Bd6 10. 0-0 0-0 11. Nd4 a6 12. Qe2 Qe5 13. Qxe5 Bxe5 14. Be3 Bxd4 15. Bxd4 Nc6 16. Bc5 Re8 17. h3 Be6 18. Be4 Rad8 19. b4 Bc4 20. Rfe1 Bd5 21. Bxd5 Rxe1+ 22. Rxe1 Rxd5 23. Re8+ Kh7 24. Rc8 Rd1+ 25. Kh2 Rd7 26. Be3 Ne7 27. Rb8 c6 28. c4 g5 29. a4 Ng6 30. b5 axb5 31. cxb5 cxb5 32. axb5 Ne5 33. Re8 Nc4 34. Rb8 Nxe3 35. fxe3 Re7 36. g4 Kg6 37. Kg2 Rxe3 38. Rxb7 Rb3 39. Rb8 h5 40. b6 hxg4 41. hxg4 Kf6 42. Kf2 Ke5 43. Rf8 f6 44. Re8+ Kf4 45. Re6 Rb2+ 46. Kf1 Kxg4 47. Rxf6 Kg3 48. Ke1 g4 49. Kd1 Kg2 50. Kc1 Rb5 51. Kc2 g3 52. Kc3 Kg1 53. Kc4 Rb1 54. Kc5 g2 55. Kc6 Rxb6+ 56. Kxb6 Kh2 57. Rf2 Kg3 58. Rxg2+ Kxg2 1/2-1/2

[Event "IND-ch U15 Girls 38th"]
[Site "New Delhi"]
[Date "2022.12.01"]
[Round "5"]
[White "Tejaswi, R."]
[Black "Kanishka, S."]
[Result "0-1"]
[WhiteElo "1436"]
[BlackElo "1764"]
[PlyCount "144"]
[EventDate "2022.11.28"]
[EventType "swiss"]
[EventRounds "11"]
[EventCountry "IND"]
[SourceTitle "CBM 211 Extra"]
[Source "ChessBase"]
[SourceDate "2023.01.31"]
[SourceVersion "1"]
[SourceVersionDate "2023.01.31"]
[SourceQuality "1"]

1. d4 Nf6 2. c4 e6 3. Nc3 c5 4. d5 exd5 5. cxd5 d6 6. e4 g6 7. Bd3 Bg7 8. Nge2 0-0 9. 0-0 a6 10. a4 Nbd7 11. f4 Qc7 12. b3 Re8 13. Bd2 c4 14. bxc4 Nc5 15. Qc2 Bg4 16. Ng3 Nxd3 17. Qxd3 Rac8 18. h3 Bd7 19. Rab1 h5 20. f5 Qxc4 21. Qxc4 Rxc4 22. fxg6 fxg6 23. Rxb7 Bc8 24. Ra7 h4 25. Nge2 Nxe4 26. Rff7 Be5 27. Bf4 Nxc3 28. Bxe5 Nxe2+ 29. Kh2 Rxe5 30. Rg7+ Kf8 31. Rh7 Rh5 32. Rhf7+ Ke8 33. Rae7+ Kd8 34. Rxe2 Rf5 35. Rg7 Rxd5 36. Rxg6 Bd7 37. Rg8+ Kc7 38. Re7 Re5 39. Rh7 Kc6 40. Rd8 Be6 41. a5 Rxa5 42. Rh6 Re5 43. Re8 Rce4 44. Ra8 Bc4 45. Rc8+ Kd5 46. Rd8 Re6 47. Rh5+ Kd4 48. Rb8 d5 49. Rb1 Kc3 50. Rf5 Re1 51. Rf3+ Kc2 52. Rb4 R6e3 53. Rf2+ R1e2 54. Rf1 Rg3 55. Rg1 Kc3 56. Rbb1 d4 57. Rbc1+ Rc2 58. Ra1 d3 59. Ra5 d2 60. Ra3+ Kd4 61. Raa1 Be2 62. Rad1 Bxd1 63. Rxd1 Kd3 64. Rf1 Rxg2+ 65. Kh1 Rc1 66. Kxg2 Rxf1 67. Kxf1 d1Q+ 68. Kg2 Ke3 69. Kh2 Qf3 70. Kg1 Qe2 71. Kh1 Kf3 72. Kg1 Qg2# 0-1

[Event "IND-ch U15 Girls 38th"]
[Site "New Delhi"]
[Date "2022.11.30"]
[Round "4"]
[White "Kanishka, S."]
[Black "Alana, Julieta Menezes And"]
[Result "1-0"]
[WhiteElo "1764"]
[BlackElo "1181"]
[PlyCount "93"]
[EventDate "2022.11.28"]
[EventType "swiss"]
[EventRounds "11"]
[EventCountry "IND"]
[SourceTitle "CBM 211 Extra"]
[Source "ChessBase"]
[SourceDate "2023.01.31"]
[SourceVersion "1"]
[SourceVersionDate "2023.01.31"]
[SourceQuality "1"]

1. c4 e5 2. Nc3 Nf6 3. g3 d5 4. cxd5 Nxd5 5. Bg2 Nb6 6. Nf3 Nc6 7. 0-0 Be7 8. d3 0-0 9. Be3 Be6 10. a3 Nd5 11. Nxd5 Bxd5 12. Qa4 a6 13. Rac1 Qd6 14. h4 Qe6 15. Nd2 Bxg2 16. Kxg2 f5 17. Qc4 Qxc4 18. Rxc4 Bd6 19. b4 Rad8 20. Nb3 h6 21. Bc5 Rf7 22. Rfc1 Ne7 23. Na5 Rb8 24. Bxd6 cxd6 25. Rc7 Nd5 26. Rxf7 Kxf7 27. e4 fxe4 28. dxe4 Nf6 29. Rc7+ Kg6 30. f3 b6 31. Nc6 Ne8 32. Ra7 Rc8 33. Ne7+ Kh7 34. Nxc8 b5 35. Rxa6 Nc7 36. Rxd6 h5 37. Rd5 Nxd5 38. exd5 Kh6 39. d6 e4 40. d7 exf3+ 41. Kxf3 g5 42. d8Q g4+ 43. Kf4 Kg6 44. Qf8 Kh7 45. Nd6 Kg6 46. Qf7+ Kh6 47. Nf5# 1-0

[Event "IND-ch U15 Girls 38th"]
[Site "New Delhi"]
[Date "2022.11.29"]
[Round "3"]
[White "Kothe, Swarali"]
[Black "Kanishka, S."]
[Result "1/2-1/2"]
[WhiteElo "1254"]
[BlackElo "1764"]
[PlyCount "105"]
[EventDate "2022.11.28"]
[EventType "swiss"]
[EventRounds "11"]
[EventCountry "IND"]
[SourceTitle "CBM 211 Extra"]
[Source "ChessBase"]
[SourceDate "2023.01.31"]
[SourceVersion "1"]
[SourceVersionDate "2023.01.31"]
[SourceQuality "1"]

1. e4 c5 2. Nf3 d6 3. d4 cxd4 4. Nxd4 Nf6 5. Nc3 a6 6. Bg5 Nbd7 7. Bd3 e6 8. 0-0 Be7 9. Qd2 Ne5 10. Rfd1 Bd7 11. Be2 Qc7 12. Nf3 0-0-0 13. a4 Bc6 14. Qd4 h6 15. Be3 Neg4 16. h3 Nxe3 17. Qxe3 d5 18. exd5 Nxd5 19. Nxd5 Bxd5 20. c4 Bxf3 21. Bxf3 Bc5 22. Qb3 a5 23. Rac1 Kb8 24. Rxd8+ Rxd8 25. Rd1 Rd4 26. Rxd4 Bxd4 27. Qb5 Bb6 28. b3 Ka7 29. Qh5 Qf4 30. Qb5 Qc1+ 31. Kh2 Qf4+ 32. Kg1 Qd4 33. c5 Qxc5 34. Qxc5 Bxc5 35. Be2 Bd4 36. Bc4 Kb6 37. Kf1 Kc5 38. f3 Kd6 39. Ke2 Ke5 40. g3 g5 41. Kf1 b6 42. Ke2 h5 43. Kf1 h4 44. g4 Kf4 45. Kg2 Ke3 46. Bb5 f5 47. Bd7 fxg4 48. hxg4 e5 49. Bc6 Kf4 50. Be4 Ke3 51. Bd5 Kd3 52. Be4+ Kc3 53. Bd5 1/2-1/2

[Event "Commonwealth-ch"]
[Site "Waskaduwa"]
[Date "2022.11.20"]
[Round "7"]
[White "Kanishka, S."]
[Black "Amer, Karim"]
[Result "0-1"]
[WhiteElo "1764"]
[BlackElo "2171"]
[PlyCount "107"]
[EventDate "2022.11.14"]
[EventType "swiss"]
[EventRounds "9"]
[EventCountry "SRI"]
[SourceTitle "CBM 211 Extra"]
[Source "ChessBase"]
[SourceDate "2023.01.31"]
[SourceVersion "1"]
[SourceVersionDate "2023.01.31"]
[SourceQuality "1"]

1. c4 Nf6 2. Nc3 e6 3. e4 c5 4. e5 Ng8 5. d4 cxd4 6. Qxd4 Nc6 7. Qe4 f5 8. Qe2 Qa5 9. f4 d6 10. exd6 Bxd6 11. Nf3 Nf6 12. Bd2 Qb6 13. 0-0-0 Bb4 14. a3 Be7 15. Be3 Qc7 16. g3 0-0 17. Bd4 h6 18. Nb5 Qa5 19. b4 Qa4 20. Qb2 Nxd4 21. Nfxd4 Bd7 22. Nc3 Qa6 23. c5 b5 24. Ncxb5 Qc8 25. Bg2 Ne4 26. Nc3 Rb8 27. Bxe4 fxe4 28. Nxe4 a5 29. Qc3 axb4 30. axb4 Ba4 31. Rd2 Qb7 32. Nxe6 Rf7 33. Re1 Qa6 34. Nd6 Bf6 35. Qd3 Bb5 36. Nxb5 Rxb5 37. Qb3 Qa1+ 38. Qb1 Qa3+ 39. Kd1 Rxb4 40. Qa2 Qf3+ 41. Kc1 Qc3+ 42. Kd1 Qf3+ 43. Kc1 Qc3+ 44. Kd1 Qf3+ 45. Kc1 Qc3+ 46. Kd1 Rc4 47. Qb1 Qf3+ 48. Ree2 Rb7 49. Qa2 Qf1+ 50. Re1 Rc1+ 51. Kxc1 Qxe1+ 52. Rd1 Qc3+ 53. Qc2 Rb1+ 54. Kxb1 0-1

[Event "Wch U18 Girls"]
[Site "Mamaia"]
[Date "2022.09.15"]
[Round "10"]
[White "Kanishka, S."]
[Black "Sinitsina, Anastassia"]
[Result "0-1"]
[WhiteElo "1552"]
[BlackElo "2192"]
[PlyCount "92"]
[EventDate "2022.09.06"]
[EventType "swiss"]
[EventRounds "11"]
[EventCountry "ROU"]
[SourceTitle "CBM 210 Extra"]
[Source "ChessBase"]
[SourceDate "2022.11.30"]
[SourceVersion "1"]
[SourceVersionDate "2022.11.30"]
[SourceQuality "1"]

1. c4 e5 2. Nc3 d6 3. g3 f5 4. Bg2 Nf6 5. d3 g6 6. e4 c6 7. Nge2 Bg7 8. 0-0 0-0 9. b3 Na6 10. exf5 Bxf5 11. d4 Qa5 12. Bd2 Qc7 13. h3 h5 14. Be3 Nb4 15. Qd2 Nc2 16. Rad1 Nxe3 17. Qxe3 Kh7 18. dxe5 dxe5 19. Qc5 Rf7 20. Kh2 Bf8 21. Qe3 Qa5 22. Na4 Re8 23. Nc1 Nd7 24. Be4 Bh6 25. Qc3 Qxc3 26. Nxc3 Nc5 27. Bxf5 gxf5 28. N1e2 h4 29. g4 fxg4 30. hxg4 Ref8 31. Kg2 Rf3 32. b4 Nd3 33. Ne4 h3+ 34. Kg1 Kh8 35. g5 Rg8 36. Kh2 Bxg5 37. Nxg5 Rxg5 38. Ng3 Nxf2 39. Rd8+ Rg8 40. Rxg8+ Kxg8 41. Re1 Kf7 42. Rb1 Ke6 43. Rb2 e4 44. Ne2 Ng4+ 45. Kg1 h2+ 46. Kg2 Rf2+ 0-1

[Event "Wch U18 Girls"]
[Site "Mamaia"]
[Date "2022.09.12"]
[Round "7"]
[White "Kanishka, S."]
[Black "Lehaci, Miruna Daria"]
[Result "1-0"]
[WhiteElo "1552"]
[BlackElo "2199"]
[PlyCount "105"]
[EventDate "2022.09.06"]
[EventType "swiss"]
[EventRounds "11"]
[EventCountry "ROU"]
[SourceTitle "CBM 210 Extra"]
[Source "ChessBase"]
[SourceDate "2022.11.30"]
[SourceVersion "1"]
[SourceVersionDate "2022.11.30"]
[SourceQuality "1"]

1. c4 b6 2. Nc3 Bb7 3. Nf3 Nf6 4. g3 e5 5. Bg2 Bb4 6. Qc2 0-0 7. 0-0 Re8 8. d3 d5 9. Bg5 Bxc3 10. Qxc3 d4 11. Qc2 a5 12. b3 h6 13. Bxf6 Qxf6 14. e4 Qe7 15. Nh4 a4 16. Nf5 Qf8 17. f4 axb3 18. axb3 Rxa1 19. Rxa1 Nc6 20. Qe2 Bc8 21. fxe5 g6 22. Nh4 Nxe5 23. Qd2 Bg4 24. h3 Be6 25. g4 Kh7 26. Kf2 Qb4 27. Qc2 Qd6 28. Qd2 Qb4 29. Qc2 b5 30. Nf3 Nxf3 31. Bxf3 bxc4 32. bxc4 Rb8 33. e5 Qe7 34. Kg3 Qg5 35. Qe2 Rb3 36. h4 Qe7 37. Qe4 c5 38. h5 Kg7 39. hxg6 fxg6 40. Ra6 Rb8 41. Qc6 Bf7 42. Qf6+ Qxf6 43. exf6+ Kg8 44. Rc6 Rb3 45. Rc8+ Kh7 46. Bd5 Rxd3+ 47. Kf2 Rd2+ 48. Ke1 Ra2 49. Bxf7 Ra1+ 50. Ke2 Ra2+ 51. Kf3 Ra6 52. Bg8+ Kh8 53. Be6+ 1-0

[Event "Wch U18 Girls"]
[Site "Mamaia"]
[Date "2022.09.11"]
[Round "6"]
[White "Obada, Ema"]
[Black "Kanishka, S."]
[Result "0-1"]
[WhiteElo "2093"]
[BlackElo "1552"]
[PlyCount "76"]
[EventDate "2022.09.06"]
[EventType "swiss"]
[EventRounds "11"]
[EventCountry "ROU"]
[SourceTitle "CBM 210 Extra"]
[Source "ChessBase"]
[SourceDate "2022.11.30"]
[SourceVersion "1"]
[SourceVersionDate "2022.11.30"]
[SourceQuality "1"]

1. e4 c6 2. d4 d5 3. e5 Bf5 4. Nd2 e6 5. Nb3 Nd7 6. Nf3 c5 7. dxc5 Bxc5 8. Nxc5 Nxc5 9. Nd4 Ne7 10. Bg5 Bg6 11. Be2 0-0 12. 0-0 a6 13. h4 h6 14. Be3 Qc7 15. h5 Bh7 16. Bf4 Nc6 17. Nxc6 Qxc6 18. g4 Qa4 19. c4 dxc4 20. Qd4 Rac8 21. g5 Qc2 22. Rfe1 hxg5 23. Bxg5 Nd3 24. Bxd3 Qxd3 25. Qh4 c3 26. b3 c2 27. Kh2 Qf5 28. h6 gxh6 29. Bxh6 Rfd8 30. Rg1+ Bg6 31. Rg5 Qd3 32. Rg3 Qf5 33. Re1 Qxf2+ 34. Kh3 Qf5+ 35. Kg2 Rd1 36. Rf3 Qh5 37. Qxh5 Bxh5 38. Rff1 c1Q 0-1

[Event "IND-ch U17 Girls"]
[Site "Bhubaneswar"]
[Date "2022.07.05"]
[Round "7"]
[White "Kanishka, S."]
[Black "Tejaswini, G."]
[Result "0-1"]
[WhiteElo "1633"]
[BlackElo "1664"]
[PlyCount "121"]
[EventDate "2022.07.01"]
[EventType "swiss"]
[EventRounds "11"]
[EventCountry "IND"]
[SourceTitle "EXT 2023"]
[Source "ChessBase"]
[SourceDate "2022.10.05"]
[SourceVersion "1"]
[SourceVersionDate "2022.10.05"]
[SourceQuality "1"]

1. c4 Nf6 2. Nc3 g6 3. g3 Bg7 4. Bg2 d6 5. d3 0-0 6. e4 c5 7. Nge2 Nc6 8. 0-0 a6 9. h3 Rb8 10. a4 Ne8 11. Be3 Nd4 12. Rb1 Nc7 13. b4 b6 14. bxc5 dxc5 15. Nd5 Nce6 16. Nec3 Nc6 17. Qd2 Ned4 18. Kh2 e6 19. Nf4 Ne5 20. Bxd4 Qxd4 21. Nce2 Qd7 22. Qa2 Nc6 23. Rfd1 Nb4 24. Qb3 a5 25. Nc3 Qd4 26. Nce2 Qf6 27. Kg1 Bb7 28. h4 Rfd8 29. Nh3 Bc6 30. f4 Qe7 31. e5 Qe8 32. Bxc6 Qxc6 33. Kf2 f6 34. exf6 Bxf6 35. Ng5 e5 36. Nf3 Rf8 37. Kg2 Rbe8 38. Re1 Rd8 39. Rbd1 Bg7 40. Kf2 Rd7 41. Kg2 h6 42. Neg1 exf4 43. g4 Rfd8 44. d4 Rxd4 45. Rxd4 Rxd4 46. Qb1 Nd3 47. Re7 Ne5 48. Qe1 Re4 49. Qd2 Nxc4 50. Qd8+ Bf8 51. Rc7 Re8 52. Qd3 Qe6 53. Kh3 h5 54. Kh2 Qe4 55. Qb3 Bd6 56. Rd7 hxg4 57. Rxd6 gxf3 58. Rd2 Kh7 59. Nxf3 Nxd2 60. Ng5+ Kh6 61. Qd1 0-1

[Event "IND-ch U17 Girls"]
[Site "Bhubaneswar"]
[Date "2022.07.02"]
[Round "3"]
[White "Kanishka, S."]
[Black "Marium, Fatima"]
[Result "1-0"]
[WhiteElo "1633"]
[BlackElo "1560"]
[PlyCount "75"]
[EventDate "2022.07.01"]
[EventType "swiss"]
[EventRounds "11"]
[EventCountry "IND"]
[SourceTitle "EXT 2023"]
[Source "ChessBase"]
[SourceDate "2022.10.05"]
[SourceVersion "1"]
[SourceVersionDate "2022.10.05"]
[SourceQuality "1"]

1. c4 Nf6 2. Nc3 e6 3. e4 d6 4. d4 Be7 5. g3 0-0 6. Bg2 Nbd7 7. Nge2 e5 8. 0-0 exd4 9. Nxd4 Ne5 10. b3 Re8 11. h3 Bf8 12. g4 Nfxg4 13. hxg4 Bxg4 14. f3 Bh5 15. Qd2 c5 16. Nf5 h6 17. Nb5 Re6 18. Bb2 Ng6 19. Rad1 Nh4 20. Nxh4 Qxh4 21. Nc7 Rae8 22. Nxe8 Rxe8 23. Qf2 Qf4 24. Rd5 Bg6 25. Bc1 Qf6 26. Qg3 Qa1 27. Qf2 Qf6 28. Re1 b6 29. f4 Bh7 30. Bb2 Qg6 31. Re3 Qe6 32. f5 Qd7 33. Rg3 Qd8 34. Qf4 g6 35. fxg6 Bxg6 36. Rh5 Re6 37. Bh3 Re8 38. Bf5 1-0

[Event "IND-ch U20 Girls 50th"]
[Site "Gurugram"]
[Date "2022.03.10"]
[Round "4"]
[White "Bhagyashree, Patil"]
[Black "Kanishka, S."]
[Result "1-0"]
[WhiteElo "1974"]
[BlackElo "1528"]
[PlyCount "91"]
[EventDate "2022.03.09"]
[EventType "swiss"]
[EventRounds "9"]
[EventCountry "IND"]
[SourceTitle "EXT 2023"]
[Source "ChessBase"]
[SourceDate "2022.10.05"]
[SourceVersion "1"]
[SourceVersionDate "2022.10.05"]
[SourceQuality "1"]

1. e4 c6 2. d4 d5 3. exd5 cxd5 4. Bd3 Nc6 5. Nf3 Qc7 6. c3 g6 7. 0-0 Bf5 8. Re1 Bxd3 9. Qxd3 Bg7 10. Bg5 Nf6 11. Nbd2 0-0 12. Rad1 Rfe8 13. h3 h6 14. Be3 Rad8 15. b3 Nh5 16. c4 Nf4 17. Qc3 g5 18. c5 f5 19. b4 Ng6 20. Nb3 f4 21. Bc1 e5 22. b5 Nxd4 23. Nbxd4 exd4 24. Nxd4 Kh7 25. Ba3 Re4 26. f3 Re5 27. Rxe5 Qxe5 28. Qd3 Qe3+ 29. Qxe3 fxe3 30. Kf1 Nf4 31. Ne2 Ne6 32. Nc1 Bf8 33. Ke2 d4 34. Nd3 b6 35. cxb6 Bxa3 36. bxa7 Nf4+ 37. Nxf4 gxf4 38. Rxd4 Rg8 39. Rxf4 Bc5 40. Rf7+ Kg6 41. Rc7 Bd4 42. b6 Kg5 43. g4 h5 44. Rc6 Bxb6 45. Rxb6 Ra8 46. h4+ 1-0